00422nam a2200157Ia 4500008004100000020001400041040001900055041001200074082002300086100001400109245005300123260003400176300002100210650002300231850001000254131103s9999 xx 000 0 und d a553840371 aLoreto College aEnglish aF/STObLCLIB/11138 aStout,Rex aPrisoner's Baseb a Nero Wolfe Novel cRex Stout aNew YorkbA Bantam Bookc1952 a154 p. c 17 cm. aFiction In English aLCLIB